书目信息 |
| 题名: |
汉代妇女生活情态
|
|
| 作者: | 顾丽华 著 | |
| 分册: | ||
| 出版信息: | 北京 社会科学文献出版社 2012.02 |
|
| 页数: | 411页 | |
| 开本: | 21cm | |
| 丛书名: | ||
| 单 册: | ||
| 中图分类: | D691.968 | |
| 科图分类: | ||
| 主题词: | 女性--社会生活--研究--中国--汉代 , 女性 , 社会生活 | |
| 电子资源: | ||
| ISBN: | 978-7-5097-2893-2 | |
| 000 | 00965nam0 2200265 450 | |
| 001 | 010050007779 | |
| 005 | 20120618152248.42 | |
| 010 | @a978-7-5097-2893-2@dCNY49.00 | |
| 100 | @a20120303d2012 em y0chiy50 ea | |
| 101 | 0 | @achi |
| 102 | @aCN@b110000 | |
| 105 | @ak z 000yy | |
| 106 | @ar | |
| 200 | 1 | @a汉代妇女生活情态@9han dai fu nu^ sheng huo qing tai@dThe living conditions of the women in Han Dynasty@f顾丽华著@zeng |
| 210 | @a北京@c社会科学文献出版社@d2012.02 | |
| 215 | @a411页@d21cm | |
| 330 | @a本书主要内容包括:绪论;汉代主流文化预期的理想女性形象与妇女生活;汉代律令规范与妇女生活;汉代经济层面的女性生活考察;汉代妇女与国家封赏政策等。 | |
| 510 | 1 | @aLiving conditions of the women in Han Dynasty@zeng |
| 606 | 0 | @a女性@x社会生活@x研究@y中国@z汉代 |
| 606 | 0 | @a女性 |
| 606 | 0 | @a社会生活 |
| 690 | @aD691.968@v4 | |
| 701 | 0 | @a顾丽华@9gu li hua@f(1976-)@4著 |
| 801 | 0 | @aCN@bRENTIAN@c20120303 |
| 905 | @b538248-52@dD691.968@e180@f5 | |
| 汉代妇女生活情态=The living conditions of the women in Han Dynasty/顾丽华著.-北京:社会科学文献出版社,2012.02 |
| 411页;21cm |
| ISBN 978-7-5097-2893-2:CNY49.00 |
| 本书主要内容包括:绪论;汉代主流文化预期的理想女性形象与妇女生活;汉代律令规范与妇女生活;汉代经济层面的女性生活考察;汉代妇女与国家封赏政策等。 |
| ● |
| 相关链接 |
|
|
|
|
正题名:汉代妇女生活情态
索取号:D691.968/180
 
预约/预借
| 序号 | 登录号 | 条形码 | 馆藏地/架位号 | 状态 | 备注 |
| 1 | 538248 | 205382487 | 第一样本阅览室/ [索取号:D691.968/180] | 在馆 | |
| 2 | 538249 | 205382496 | 第一借阅区/ [索取号:D691.968/180] | 在馆 | |
| 3 | 538250 | 205382502 | 第一借阅区/ [索取号:D691.968/180] | 在馆 | |
| 4 | 538251 | 205382511 | 第一借阅区/ [索取号:D691.968/180] | 在馆 | |
| 5 | 538252 | 205382520 | 第一借阅区/ [索取号:D691.968/180] | 在馆 |